000 00974cam a22003377a 4500
003 CHAP
005 20220329140334.0
008 971013s r 00010 d
010 _a50647
011 _a51619
035 _a55769
040 _cCHAP
082 _a633
_bC8 v.1
100 0 0 _aVinall, H. N.
_9119823
245 1 3 _aEl zacate Sudán
260 _a(s.l. :
_bs.e.),
_c(s.a.)
300 _a5 p.
490 0 _aCultivos diversos
_v; v.1
500 _aMimeógrafo
501 _aEnc. con otros impresos similares
590 _aBATCH-UPD
_b10
_c20130110
_lUCH01
_h0541
590 _aBATCH-UPD
_b10
_c20130110
_lUCH01
_h2319
590 _aBATCH-UPD
_b10
_c20130410
_lUCH01
_h0222
590 _aBATCH-UPD
_b10
_c20130914
_lUCH01
_h2104
590 _aCONVERSION
_b10
_c20130109
_lUCH01
_h1327
650 1 4 _aZacate sudán.
_9123399
830 0 _aCultivos diversos
_v; v.1
_930375
901 _aBK
942 _cLIBRO
949 _a633 C8 v.1
_bBC
_cBPP
_d-122194
_eBPP
_i55769
_si
999 _c50647
_d50647